00326 a2200121 4500001000700000040003500007100001700042240005100059245004600110300000700156362000900163440003200172149554 cEscola São Tomás de Aquino aRIOS, Rosana10aO monstro monstruoso da caverna cavernosalpor10aO monstro monstruoso da caverna cavernosa a320 a2010 1aDifusão Cultural do Livro